| 000 | 00640nam a22001817a 4500 | ||
|---|---|---|---|
| 003 | OSt | ||
| 005 | 20260428005310.0 | ||
| 008 | 260428b |||||||| |||| 00| 0 eng d | ||
| 020 | _a9717194400 | ||
| 040 |
_aDWCL Main Lib. _cOC |
||
| 082 | _aFil. 400 M112c 2014 | ||
| 100 | _aMabutin-Mangaoang, Josefine | ||
| 245 |
_aCrosscurrents : _bdeveloping global English skills for the 21st century : grade 9 / _cJosefine Mabutin-Mangaoang |
||
| 260 |
_aMarikina City : _bInstructural Coverage System Publishing, _cc2014. |
||
| 300 |
_a395 pages : _billustrations ; _c26cm. |
||
| 650 | _a1. English--Study and teaching. | ||
| 942 |
_2ddc _cBK - FIL _n0 |
||
| 999 |
_c9974 _d9974 |
||